| 000 | 00721nab a2200253 a 4500 | ||
|---|---|---|---|
| 005 | 20210219162054.0 | ||
| 008 | 991125s1985 mx 000 0 spa u | ||
| 035 | _aUPN01000197240 | ||
| 049 | _aART-E | ||
| 100 | 1 | _aLasarte Leonet, Gema | |
| 222 |
_aOCNOS : _bREVISTA DE ESTUDIOS SOBRE LECTURA |
||
| 245 | _aFeminización del hábito lector | ||
| 260 | _aEspaña | ||
| 300 | _a53-68 | ||
| 362 | 0 | _a2013, no. 9 | |
| 653 | 0 | _aHABITOS DE LECTURA | |
| 653 | 0 | _aESTUDIOS DE GENERO | |
| 653 | 0 | _aLITERATURA INFANTIL Y JUVENIL | |
| 653 | 0 | _aESPAÑA | |
| 856 | 1 | _uhttp://www.revista.uclm.es/index.php/ocnos/article/view/126/261 | |
| 905 | _aArticulo | ||
| 338 | _arecurso en linea | ||
| 999 |
_c169341 _d169341 |
||